Principles of economics
Saved in:
| Format: | Book |
|---|---|
| Language: | English |
| Published: |
McGraw Hill Education
2022
|
| Tags: |
Add Tag
No Tags, Be the first to tag this record!
|
MARC
| LEADER | 00000nam a22000007a 4500 | ||
|---|---|---|---|
| 008 | 230918b |||||||| |||| 00| 0 eng d | ||
| 020 | |a 9781266052309 | ||
| 245 | |a Principles of economics |c /Robert H.Frank.... (et al) |g xxxii,801p;ill | ||
| 250 | |b 8th | ||
| 260 | |b McGraw Hill Education |c 2022 |h New York |i 702779 |i 702780 |l HB172.P93 |m Microeconomics | ||
| 500 | |a it includes index | ||
| 942 | |a lcc |c BK |e Johnson |f 18/09/23 | ||
| 952 | |0 0 |1 0 |2 lcc |4 0 |6 HB0172 P93 |7 0 |9 4469 |a SSL |b HOL |c GJ |d 2023-09-18 |l 0 |o HB172.P93 |p 2023-0390 |r 2023-09-18 00:00:00 |t 702780 |w 2023-09-18 |y BK | ||
| 952 | |0 0 |1 0 |2 lcc |4 0 |6 HB0172 P93 |7 0 |9 4470 |a HOL |b HOL |c GJ |d 2023-09-18 |l 0 |o HB172.P93 |p 2023-0391 |r 2023-09-18 00:00:00 |t 702779 |w 2023-09-18 |y BK | ||
| 999 | |c 2240 |d 2240 | ||